000 00597nam a2200193Ia 4500
008 240729s9999 xx 000 0 und d
022 _a0974-7907
245 0 _aJournal of Threatened Taxa
260 _aIndia
260 _bWildlife Information Liaison Development Society
650 _a Biology (General)
650 _a Ecology | Science
650 _a General. Including nature conservation, geographical distribution
650 _a Natural history (General)
650 _aScience
856 _uhttps://doaj.org/toc/68cffbc11e5447ce9b2baf88dca72d32
942 _2ddc
942 _cDOAJEJ
999 _c72890
_d72890
945 _a1
_bMadushi Gamage
_c1
_dMadushi Gamage